| 000 | 00513nam a22001577a 4500 | ||
|---|---|---|---|
| 005 | 20160914143908.0 | ||
| 008 | 160914b xxu||||| |||| 00| 0 eng d | ||
| 050 | _aDT14.B38 1936 | ||
| 100 |
_aBaumann, Hermann _925848 |
||
| 245 |
_aSchopfung und urzeit des menschen im mythus der afrikanischen volker _cby Baumann, Hermann |
||
| 260 |
_aBerlin _bVerlag Von Dietrich Reimer _c1936 |
||
| 300 |
_ax, 435p.; _c25cm. |
||
| 650 |
_aCreation _925849 |
||
| 650 |
_aMethodology, African _925850 |
||
| 942 |
_2lcc _cMONOGRAPH |
||
| 999 |
_c125251 _d125251 |
||